<?xml version="1.0" encoding="UTF-8"?>
<record
    xmlns:xsi="http://www.w3.org/2001/XMLSchema-instance"
    xsi:schemaLocation="http://www.loc.gov/MARC21/slim http://www.loc.gov/standards/marcxml/schema/MARC21slim.xsd"
    xmlns="http://www.loc.gov/MARC21/slim">

  <leader>01560nam0a2200361   4500</leader>
  <controlfield tag="001">RU\NLR\bibl\1455228</controlfield>
  <controlfield tag="005">20260405195948.0</controlfield>
  <datafield tag="010" ind1=" " ind2=" ">
    <subfield code="a">978-5-902982-65-4</subfield>
    <subfield code="9">100</subfield>
  </datafield>
  <datafield tag="021" ind1=" " ind2=" ">
    <subfield code="a">RU</subfield>
    <subfield code="b">2009-89193</subfield>
    <subfield code="9">5616</subfield>
  </datafield>
  <datafield tag="035" ind1=" " ind2=" ">
    <subfield code="a">(NLR Aleph) 001447035</subfield>
  </datafield>
  <datafield tag="090" ind1=" " ind2=" ">
    <subfield code="a">1499178</subfield>
    <subfield code="c">1499178</subfield>
  </datafield>
  <datafield tag="100" ind1=" " ind2=" ">
    <subfield code="a">20091218d2009    |||y0rusy50      ca</subfield>
  </datafield>
  <datafield tag="101" ind1="0" ind2=" ">
    <subfield code="a">rus</subfield>
  </datafield>
  <datafield tag="102" ind1=" " ind2=" ">
    <subfield code="a">RU</subfield>
  </datafield>
  <datafield tag="105" ind1=" " ind2=" ">
    <subfield code="a">y   |||||||||</subfield>
  </datafield>
  <datafield tag="200" ind1="1" ind2=" ">
    <subfield code="a">&#x423;&#x441;&#x442;&#x43E;&#x439;&#x447;&#x438;&#x432;&#x43E;&#x435; &#x440;&#x430;&#x437;&#x432;&#x438;&#x442;&#x438;&#x435;: &#x43F;&#x430;&#x440;&#x430;&#x434;&#x43E;&#x43A;&#x441;&#x44B; &#x438; &#x43F;&#x440;&#x43E;&#x442;&#x438;&#x432;&#x43E;&#x440;&#x435;&#x447;&#x438;&#x44F;</subfield>
    <subfield code="d">Steady development: paradoxes and contradictions</subfield>
    <subfield code="f">&#x412;. &#x421;. &#x413;&#x43D;&#x430;&#x442;&#x44E;&#x43A;</subfield>
    <subfield code="g">&#x420;&#x43E;&#x441;. &#x430;&#x43A;&#x430;&#x434;. &#x43D;&#x430;&#x443;&#x43A;, &#x42E;&#x436;. &#x43D;&#x430;&#x443;&#x447;. &#x446;&#x435;&#x43D;&#x442;&#x440;</subfield>
    <subfield code="z">eng</subfield>
  </datafield>
  <datafield tag="210" ind1=" " ind2=" ">
    <subfield code="a">&#x420;&#x43E;&#x441;&#x442;&#x43E;&#x432;-&#x43D;&#x430;-&#x414;&#x43E;&#x43D;&#x443;</subfield>
    <subfield code="c">&#x418;&#x437;&#x434;-&#x432;&#x43E; &#x42E;&#x41D;&#x426; &#x420;&#x410;&#x41D;</subfield>
    <subfield code="d">2009</subfield>
  </datafield>
  <datafield tag="215" ind1=" " ind2=" ">
    <subfield code="a">334 &#x441;.</subfield>
    <subfield code="d">21</subfield>
  </datafield>
  <datafield tag="300" ind1=" " ind2=" ">
    <subfield code="a">&#x410;&#x432;&#x442;. &#x442;&#x430;&#x43A;&#x436;&#x435; &#x43D;&#x430; &#x430;&#x43D;&#x433;&#x43B;. &#x44F;&#x437;.: V. S. Gnatjuck</subfield>
  </datafield>
  <datafield tag="320" ind1=" " ind2=" ">
    <subfield code="a">&#x411;&#x438;&#x431;&#x43B;&#x438;&#x43E;&#x433;&#x440;.: &#x441;. 310-333 (453 &#x43D;&#x430;&#x437;&#x432;.) &#x438; &#x432; &#x43F;&#x43E;&#x434;&#x441;&#x442;&#x440;&#x43E;&#x447;. &#x43F;&#x440;&#x438;&#x43C;&#x435;&#x447;.</subfield>
  </datafield>
  <datafield tag="510" ind1="1" ind2=" ">
    <subfield code="6">z55790</subfield>
    <subfield code="a">Steady development: paradoxes and contradictions</subfield>
    <subfield code="z">eng</subfield>
  </datafield>
  <datafield tag="606" ind1="1" ind2=" ">
    <subfield code="a">&#x423;&#x441;&#x442;&#x43E;&#x439;&#x447;&#x438;&#x432;&#x43E;&#x433;&#x43E; &#x440;&#x430;&#x437;&#x432;&#x438;&#x442;&#x438;&#x44F; &#x43A;&#x43E;&#x43D;&#x446;&#x435;&#x43F;&#x446;&#x438;&#x44F;</subfield>
    <subfield code="x">&#x41A;&#x443;&#x43B;&#x44C;&#x442;&#x443;&#x440;&#x43E;&#x43B;&#x43E;&#x433;&#x438;&#x447;&#x435;&#x441;&#x43A;&#x438;&#x435; &#x43F;&#x440;&#x43E;&#x431;&#x43B;&#x435;&#x43C;&#x44B;</subfield>
    <subfield code="9">2097938</subfield>
    <subfield code="3">RU\NLR\auth\661269180</subfield>
  </datafield>
  <datafield tag="686" ind1=" " ind2=" ">
    <subfield code="a">&#x42E;6</subfield>
  </datafield>
  <datafield tag="686" ind1=" " ind2=" ">
    <subfield code="a">&#x421;550</subfield>
  </datafield>
  <datafield tag="700" ind1=" " ind2="1">
    <subfield code="4">070</subfield>
    <subfield code="8">rus</subfield>
    <subfield code="7">ca</subfield>
    <subfield code="a">&#x413;&#x43D;&#x430;&#x442;&#x44E;&#x43A;</subfield>
    <subfield code="b">&#x412;. &#x421;.</subfield>
    <subfield code="g">&#x412;&#x438;&#x43A;&#x442;&#x43E;&#x440; &#x421;&#x442;&#x435;&#x43F;&#x430;&#x43D;&#x43E;&#x432;&#x438;&#x447;</subfield>
    <subfield code="3">RU\NLR\auth\7787614</subfield>
    <subfield code="9">70542</subfield>
  </datafield>
  <datafield tag="790" ind1=" " ind2="1">
    <subfield code="4">070</subfield>
    <subfield code="8">rus</subfield>
    <subfield code="7">ba</subfield>
    <subfield code="a">Gnatjuk</subfield>
    <subfield code="b">V. S.</subfield>
    <subfield code="g">Viktor Stepanovi&#x10D;</subfield>
    <subfield code="3">RU\NLR\auth\7787615</subfield>
    <subfield code="9">70543</subfield>
  </datafield>
  <datafield tag="801" ind1=" " ind2="0">
    <subfield code="a">RU</subfield>
    <subfield code="b">NLR</subfield>
    <subfield code="c">20091218</subfield>
    <subfield code="g">RCR</subfield>
  </datafield>
  <datafield tag="801" ind1=" " ind2="1">
    <subfield code="a">RU</subfield>
    <subfield code="b">NLR</subfield>
    <subfield code="c">20091218</subfield>
  </datafield>
  <datafield tag="830" ind1=" " ind2=" ">
    <subfield code="a">&#x430;&#x432;&#x442;. &#x43F;&#x43E; &#x43A;&#x43D;.</subfield>
  </datafield>
  <datafield tag="942" ind1=" " ind2=" ">
    <subfield code="c">BOOK</subfield>
  </datafield>
  <datafield tag="980" ind1=" " ind2=" ">
    <subfield code="a">NB</subfield>
  </datafield>
  <datafield tag="995" ind1=" " ind2=" ">
    <subfield code="5">2009-12-18</subfield>
    <subfield code="a">ad</subfield>
    <subfield code="b">NLR01</subfield>
    <subfield code="c">NLR01</subfield>
    <subfield code="e">RF9</subfield>
    <subfield code="f">1-345308</subfield>
    <subfield code="k">2009-3/41725</subfield>
    <subfield code="o">0</subfield>
    <subfield code="r">BOOK</subfield>
    <subfield code="s">2009341725_</subfield>
  </datafield>
  <datafield tag="995" ind1=" " ind2=" ">
    <subfield code="5">2009-12-18</subfield>
    <subfield code="a">ad</subfield>
    <subfield code="b">NLR01</subfield>
    <subfield code="c">NLR01</subfield>
    <subfield code="e">RF9</subfield>
    <subfield code="f">3070196</subfield>
    <subfield code="k">2009-3/41725</subfield>
    <subfield code="o">0</subfield>
    <subfield code="r">BOOK</subfield>
    <subfield code="s">2009341725_</subfield>
  </datafield>
</record>
